| 000 | 01528nam a2200253 4500 | ||
|---|---|---|---|
| 001 | 0000010700 | ||
| 005 | 20250329165434.0 | ||
| 008 | 180403s2018 000 0 eng d | ||
| 040 |
_aCO-CtgCURN _bspa _ccoctgcurn |
||
| 082 | 0 |
_aENF 2018 _bC266 |
|
| 100 | 1 | _aCárdenas Álvarez, Katerine. | |
| 245 | 1 | 0 |
_aPrácticas para la prevención de accidentes en el hogar en cuidadores de niños de 1 a 5 años, del barrio el pozón cartagena 2017. / _cKaterine Cárdenas Alvarez; Yuleidis Hurtado Angulo; María Teresa Mendoza Pico; Sandra Payares Salas; Asesoras: Shirley Fernández Aragón. |
| 260 |
_aCartagena de Indias : _bCorporación Universitaria Rafael Núñez, _c2018. |
||
| 504 | _aTrabajo de grado (Enfermeria). Corporación Universitaria Rafael Nuñez. Facultad de Ciencias de la Salud. Enfermeria, 2018. | ||
| 520 | _aLos accidentes en la población infantil constituyen una importante causa de morbilidad y mortalidad, destacándose las heridas, caídas, intoxicaciones, asfixias y quemaduras. | ||
| 650 | 0 |
_aEnfermeria _vTesis y disertaciones academicas. |
|
| 700 | 1 | _aHurtado Angulo, | |
| 700 | 1 | _aMendoza Pico, María Teresa. | |
| 700 | 1 | _aPayares Salas, Sandra. | |
| 700 | 1 |
_aFernández Aragón, Shirley, _eAsesoras. |
|
| 856 |
_uhttps://unicurn.sharepoint.com/:b:/s/biblioteca/ER8kHrcgmwpLqz7gdHGugdUBTm_jO8R_svbyM6TSwLB5UA?e=epjUdF _zClick aqui para ver el recurso en texto completo |
||
| 942 |
_2ddc _cTG _hENF 2018 _iC266 |
||
| 999 |
_c3993 _d3993 |
||